Quantum Physics : (Record no. 184482)
[ view plain ]
| 000 -LEADER | |
|---|---|
| fixed length control field | 00872 a2200205 4500 |
| 003 - CONTROL NUMBER IDENTIFIER | |
| control field | NUST |
| 005 - DATE AND TIME OF LATEST TRANSACTION | |
| control field | 20230712115402.0 |
| 010 ## - LIBRARY OF CONGRESS CONTROL NUMBER | |
| LC control number | 95020414 |
| 040 ## - CATALOGING SOURCE | |
| Transcribing agency | Nust |
| 082 00 - DEWEY DECIMAL CLASSIFICATION NUMBER | |
| Classification number | 539,WIC |
| 100 1# - MAIN ENTRY--PERSONAL NAME | |
| Personal name | Wichmann, Eyvind H |
| 9 (RLIN) | 109165 |
| 245 10 - TITLE STATEMENT | |
| Title | Quantum Physics : |
| Remainder of title | Berkeley Physics Course- Vol-4 / |
| Statement of responsibility, etc. | Eyvind H Wichmann |
| 260 ## - PUBLICATION, DISTRIBUTION, ETC. | |
| Place of publication, distribution, etc. | New York : |
| Name of publisher, distributor, etc. | Graw Hill |
| Date of publication, distribution, etc. | c1996. |
| 300 ## - PHYSICAL DESCRIPTION | |
| Extent | x, 423 p. : |
| Other physical details | ill. ; |
| Dimensions | 26 cm. |
| 505 ## - FORMATTED CONTENTS NOTE | |
| Formatted contents note | Introduction (Page-1), Magnitudes Of Physical Quatitities in Quantum Physics (Page-44), Energy Level (Page-93), Photons (Page-141), Material Particles (Page-179), Theory of Stationery States (Page-311). |
| 650 #0 - SUBJECT ADDED ENTRY--TOPICAL TERM | |
| Topical term or geographic name entry element | Quantum theory. |
| 9 (RLIN) | 177 |
| 856 42 - ELECTRONIC LOCATION AND ACCESS | |
| Materials specified | Publisher description |
| Uniform Resource Identifier | <a href="http://www.loc.gov/catdir/description/wiley031/95020414.html">http://www.loc.gov/catdir/description/wiley031/95020414.html</a> |
| 856 42 - ELECTRONIC LOCATION AND ACCESS | |
| Materials specified | Table of Contents |
| Uniform Resource Identifier | <a href="http://www.loc.gov/catdir/toc/onix01/95020414.html">http://www.loc.gov/catdir/toc/onix01/95020414.html</a> |
| 942 ## - ADDED ENTRY ELEMENTS (KOHA) | |
| Source of classification or shelving scheme | |
| Koha item type | Book |
| Call number prefix | 539,WIC |
| Withdrawn status | Lost status | Source of classification or shelving scheme | Damaged status | Not for loan | Permanent Location | Current Location | Shelving location | Date acquired | Full call number | Barcode | Date last seen | Price effective from | Koha item type | Public note |
|---|---|---|---|---|---|---|---|---|---|---|---|---|---|---|
| Military College of Signals (MCS) | Military College of Signals (MCS) | General Stacks | 12/12/2016 | 539,WIC | MCS34609 | 12/08/2016 | 12/12/2016 | Book | Almirah No.77, Shelf No.3 | |||||
| Military College of Signals (MCS) | Military College of Signals (MCS) | General Stacks | 12/12/2016 | 539,WIC | MCS5827 | 12/08/2016 | 12/12/2016 | Book | Almirah No.71, Shelf No.3 | |||||
| Military College of Signals (MCS) | Military College of Signals (MCS) | General Stacks | 12/12/2016 | 539,WIC | MCS6362 | 12/08/2016 | 12/12/2016 | Book | Almirah No.71, Shelf No.3 | |||||
| Military College of Signals (MCS) | Military College of Signals (MCS) | General Stacks | 12/12/2016 | 539,WIC | MCS71 | 12/08/2016 | 12/12/2016 | Book | Almirah No.71, Shelf No.3 |
